Ιωάννου Χρυσοστόμου (παιδαγωγικά) : περί κενοδοξολογίας και όπως δει τους γονείς ανατρέφειν τα τέκνα : αρχαίον κείμενον

Saved in:
Bibliographic Details
Main Author: Ιωάννης ο Χρυσόστομος, π. 354-407
Other Authors: Μωραΐτης, Δημήτριος Ν., 1896-1970 (Author of introduction, etc., Translator)
Format: Book
Language:Greek
Ancient Greek
Published: Εν Αθήναις : Πάπυρος, 1940
Series:Βιβλιοθήκη "Παπύρου" ; ; 96
Τα άπαντα των αρχαίων Ελλήνων συγγραφέων
Subjects:
Tags: Add Tag
No Tags, Be the first to tag this record!

MARC

LEADER 00000cam a2200000 i 4500
001 1/96866
008 081107s1940 gr | ||| |||| ||gre||
035 |l 10101501 
040 |a GR-MY-UA  |b gre  |e aacr 
041 0 |a gre  |a grc 
082 0 |a 270.2092  |2 (22) 
100 0 |a Ιωάννης ο Χρυσόστομος,   |d π. 354-407. 
245 1 0 |a Ιωάννου Χρυσοστόμου (παιδαγωγικά) :  |b περί κενοδοξολογίας και όπως δει τους γονείς ανατρέφειν τα τέκνα : αρχαίον κείμενον /  |c εισαγωγή - μετάφρασις - σημειώσεις Δημ. Ν. Μωραΐτου 
260 |a Εν Αθήναις :   |b Πάπυρος,   |c 1940 
300 |a 102 σ.;  |c 22 εκ. 
490 1 |a Βιβλιοθήκη "Παπύρου"  |v ; 96 
490 1 |a Τα άπαντα των αρχαίων Ελλήνων συγγραφέων 
500 |a Περιέχει αρχαίο κείμενο και νεοελληνική μετάφραση σε αντικριστές σελίδες 
600 0 0 |a Ιωάννης ο Χρυσόστομος,   |d π. 354-407. 
650 0 0 |a Fathers of the church, Greek. 
650 0 0 |a Christian education. 
650 0 0 |a Child rearing. 
650 0 0 |a Christian ethics. 
700 1 |4 aui  |4 trl  |a Μωραΐτης, Δημήτριος Ν.,   |d 1896-1970. 
830 0 |a Βιβλιοθήκη "Παπύρου" ;  |v ; 96 
830 0 |a Τα άπαντα των αρχαίων Ελλήνων συγγραφέων 
852 |a INST  |b RHODES  |c AKA  |e 20081107  |h  270.2092 ΙΩΑ  |p 005400031123  |q 005400031123  |t BK  |y 0 
901 |a BIBL4-2008-3 
909 |a Ρ  |b 153568 
970 |a ΧΑΡΙΟΠΟΛΙΤΟΥ  |b ΚΩΝΣΤΑΝΤΙΝΑ  |z 2008/11/07